000
00304 a2200157 4500
001
173943
020
_a
040
_c
Magnum
100
_a
Lea, Raquel
240
1
0
_a
Pequeno polegar
_l
por
245
1
0
_a
Pequeno polegar
362
0
_a
1899
440
1
_a
Saraiva
697
_a
PEDAGOGIA
942
_c
BK
999
_c
173943
_d
173943